000 03431cam a2200325 i 4500
003 EG-GICUC
005 20260309081655.0
008 091112s2010 nyu frb 001 0 eng d
020 _a9780195340693
_qhbk. : alk. paper
020 _a0195340698
_qhbk. : alk. paper
040 _aDLC
_cDLC
_dYDX
_dUKM
_dYDXCP
_dBWX
_dRCJ
_dCDX
_dUCDLL
_dDLC
_dEG-GICUC
_beng
_erda
050 0 0 _aK3830
_b.A734 2010
082 0 0 _a347.224
_221
092 0 4 _221
099 _aLaw 12 2010
245 0 0 _aArbitration under international investment agreements :
_ba guide to the key issues /
_cedited by Katia Yannaca-Small.
264 _aNew York :
_bOxford University Press,
_c2010.
300 _axxii, 767 pages ;
_c27 cm.
336 _atext
_2rdacontent
337 _aComputer
_2rdamedia
338 _aOnline Resource
_2rdacarrier
504 _aIncludes bibliographical references and index.
505 0 _aBilateral investment treaties and investment provisions in regional trade agreements : recent developments in investment rulemaking / Roberto Echandi -- The energy Charter Treaty / Emmanuel Gaillard, Mark McNeill -- International dispute settlement mechanisms : choosing between institutionally supported and Ad Hoc ; and between institutions / Ucheora Onwuamaegbu -- An overview of procedure in an investment treaty arbitration / Barton Legum -- The initiation of proceedings and constitution of tribunals in investment treaty arbitrations / Antonio Parra -- Bi-trifurcation of investment disputes / Baiju S. Vasani -- Piercing the veil of confidentiality : the recent trend towards greater public participation and transparency in investor-state arbitration / Andrea Menaker -- "Equality of arms" in investment arbitration : procedural challenges / Thomas Wälde -- The law applicable in investment treaty arbitration / Yas Banifatemi -- Who is entitled to claim? Nationality challenges / Katia Yannaca-Small -- Definition of "investment" : an open-ended search for a balanced approach / Katia Yannaca-Small -- Burden of proof regarding jurisdiction / Baiju S. Vasani and Timothy L. Foden -- Attribution / Georgios Petrochilos -- Breach of treaty claims and breach of contract claims : is it still unknown territory? / Stanimir Alexandrov -- The MFN clause : what are its limits? / Abby Cohen Smutny, Lee Steven -- Fair and equitable treatment standard / Katia Yannaca-Small -- The national treatment obligation / Andrea Bjorklund -- Indirect expropriation and the right to regulate : how to draw the line / Katia Yannaca-Small -- What about this "umbrella clause"? / Katia Yannaca-Small -- Interim relief in international investment agreements / Gabrielle Kaufmann-Kohler, Aurélia Antonietti -- Damages in investment treaty arbitration / Meg Kinnear -- Compensation : a closer look at cases awarding damages for violation of the fair and equitable treatment standard / Kaj Hobér -- Annulment of ICSID awards : limited scope but is there potential? / Katia Yannaca-Small -- Review of investment treaty awards by municipal courts / Kaj Hobér, Nils Eliasson -- Enforcement of investment awards / August Reinisch --The role of precedent in investment arbitration / Jan Paulsson.
650 0 _aInvestments, Foreign
_xLaw and legislation.
650 0 _aInternational commercial arbitration.
700 1 _aYannaca-Small, Katia.
856 4 0 _uhttps://fll.law.cu.edu.eg/fulltext/bks/ENGB12-00066.pdf
905 _a10
942 _2ddc
_cBK
_e21
_n0
999 _c65862
_d65862